000 00878nam a2200289Ia 4500
001 1661
005 20260218213348.0
008 121119s2002 sp a gr 000 f spa
020 _a8434850540
020 _a9788434850545
040 _aCO-BoRNBP
_bspa
_erda
_cCO-BoRNBP
041 1 _aspa
084 _aN PEN1
100 1 _aPennac, Daniel
_d1944-
_939031
245 1 0 _a¡Increible Kamo! /
_cDaniel Pennac ; traducción, Miguel Azaola
250 _aPrimera edición
264 _aMadrid
_bS.M.
_c2002
300 _a128 páginas
_bilustraciones
336 _atexto
_btxt
_2rdacontent
337 _asin mediación
_bn
_2rdamedia
338 _avolumen
_bnc
_2rdacarrier
490 0 _aEl barco de vapor : roja
650 1 4 _aLiteratura francesa
_2LEMB
_92630
650 1 4 _aNovela francesa
_ySiglo XX
_2LEMB
_9464
700 1 _aAzaola, Miguel
_etraductor
_960636
942 _2loc
_cBKLIT
999 _c1661
_d1661